| 000 | 00580nam a22001817a 4500 | ||
|---|---|---|---|
| 008 | 100418s1989 ua||||||r||| 000 0aara d | ||
| 020 | _a9770507555 | ||
| 082 |
_222 _a335.4092 _bح ج ي |
||
| 100 |
_913589 _aحجي، طارق |
||
| 245 |
_aأفكار ماركسية في الميزان / _cطارق حجي |
||
| 250 | _aط 4 | ||
| 260 |
_aالقاهرة : _bنهضة مصر ، 1989 _c1989 |
||
| 300 |
_a292 ص؛ _c20 سم |
||
| 650 |
_98522 _aالاشتراكية |
||
| 650 |
_913590 _aالشيوعية |
||
| 700 |
_913592 _aماركس، كارل _d1818-1883 |
||
| 942 |
_2ddc _cBB |
||
| 999 |
_c13904 _d13904 |
||